Statistiche per Stazioni e opere della linea ferroviaria Rimini - San Marino

Clicka qui per fare il quiz!

Statistiche generali

  • Questo quiz è stato fatto 5 volte
  • Il punteggio medio è 5 su 31

Statistiche sulle risposte

Tipo di operaRisposta% Corretto
Stazione 0 + 000Rimini (RFI)
100%
Stazione 32 + 000San Marino Città
100%
Stazione 28 + 200Borgo Maggiore
40%
Stazione 10 + 200Coriano - Cerasolo
40%
GalleriaGalleria Borgo
40%
Stazione 16 + 900Serravalle
40%
ViadottoCavalcavia di Domagnano ("superstrada")
20%
Stazione 13 + 800Dogana
20%
Stazione 22 + 300Domagnano - Montelupo
20%
GalleriaGalleria Montale
20%
GalleriaGalleria Valdragona
20%
Stazione 25 + 100Valdragone
20%
ViadottoViadotto di Domagnano
20%
GalleriaGalleria Cà Giannino
0%
GalleriaGalleria Cà Gozi
0%
GalleriaGalleria Calintuffo
0%
GalleriaGalleria Cà Vir
0%
GalleriaGalleria Cerbaiola
0%
GalleriaGalleria Fiorina
0%
GalleriaGalleria Fontevecchia
0%
GalleriaGalleria Lisignano
0%
GalleriaGalleria Montalbo
0%
GalleriaGalleria Piagge (elicoidale)
0%
GalleriaGalleria Poggio di Serravalle (elicoidale)
0%
GalleriaGalleria Santa Maria
0%
GalleriaGalleria Sant'Andrea
0%
GalleriaGalleria Via Piana
0%
PontePonte Confine Mellini (IT/RSM)
0%
Stazione 1 + 100Rimini Marina
0%
ViadottoViadotto Bustrach
0%
ViadottoViadotto Fontevecchia
0%

Distribuzione punteggi

Percentile per numero di risposta

Percentuale di utenti per punteggio

I tuoi punteggi nel tempo

Non hai fatto questo quiz